| 000 | 00620nam a2200241Ia 4500 | ||
|---|---|---|---|
| 008 | 171025s9999 xx 000 0 und d | ||
| 020 | _a898402239 | ||
| 050 | _a150 | ||
| 050 | _bJ764 1988 | ||
| 100 | _aJones, Bill | ||
| 245 | _aSelf-image : how to like yourself : | ||
| 245 | _ba contemporary Bible study for today's teens / | ||
| 245 | _cby Bill Jones. | ||
| 260 | _aSan Bernardino, CA : | ||
| 260 | _bHere's Life Publishers, | ||
| 260 | _c1988 | ||
| 300 | _a62 pages : | ||
| 300 | _billustrations ; | ||
| 300 | _c21cm. | ||
| 650 | _aSelf-esteem. | ||
| 650 | _aSelf-perception. | ||
| 700 | _aTitle. | ||
| 999 |
_c344601 _d344601 |
||